CHED memoranda and orders : (Record no. 6168)

MARC details
000 -LEADER
fixed length control field 00794nam a22001697a 4500
003 - CONTROL NUMBER IDENTIFIER
control field OSt
005 - DATE AND TIME OF LATEST TRANSACTION
control field 20251125091549.0
008 - FIXED-LENGTH DATA ELEMENTS--GENERAL INFORMATION
fixed length control field 251125b |||||||| |||| 00| 0 eng d
040 ## - CATALOGING SOURCE
Original cataloging agency DWC-Main lib
Transcribing agency OC
082 ## - DEWEY DECIMAL CLASSIFICATION NUMBER
Classification number Fil. 378.794 P552
100 ## - MAIN ENTRY--PERSONAL NAME
Personal name PHILIPPINES. COMMISSION ON HIGHER EDUCATION.
245 ## - TITLE STATEMENT
Title CHED memoranda and orders :
Remainder of title a compilation (May 1999-February 2002), volume III / prepared and distributed by Philippine Association of Colleges and Universities
Statement of responsibility, etc. PHILIPPINES. COMMISSION ON HIGHER EDUCATION.
260 ## - PUBLICATION, DISTRIBUTION, ETC.
Place of publication, distribution, etc. Manila :
Name of publisher, distributor, etc. PACU,
Date of publication, distribution, etc. 2002.
300 ## - PHYSICAL DESCRIPTION
Extent 834 pages :
Dimensions 27 cm.
650 ## - SUBJECT ADDED ENTRY--TOPICAL TERM
Source of heading or term Education--Law and legislation--Philippines. I. Philippine Association of Colleges and Universities.
942 ## - ADDED ENTRY ELEMENTS (KOHA)
Source of classification or shelving scheme Dewey Decimal Classification
Koha item type Book-Filipiniana
Classification part Fil. 378.794 P552
Call number prefix Fil.
Suppress in OPAC No
952 ## - LOCATION AND ITEM INFORMATION (KOHA)
--
Holdings
Withdrawn status Lost status Source of classification or shelving scheme Damaged status Not for loan Home library Current library Shelving location Date acquired Source of acquisition Total Checkouts Full call number Barcode Date last seen Copy number Price effective from Koha item type Uniform Resource Identifier
    Dewey Decimal Classification     College Library College Library Filipiniana 09/14/2005 School Fund   Fil. 378.794 P552 42444 11/25/2025 c1 11/25/2025 BK - FIL